Càlcul i construcció de dinamos
Publicado:
Barcelona . Mancomunitat de Catalunya, Extensió d'Ensenyament Tècnic, [s.a.] :
Descripción Física:
3 v. : il. ; 23 cm
Colección:
Textos núms. 41, 42 i 43
Otros Autores:
Catalunya. Extensió d'Ensenyament Tècnic
Materias:
Dinamos
MARC
| LEADER | 00000nam a2200000Ia 4500 | ||
|---|---|---|---|
| 001 | 7718, 7719, 7720 | ||
| 008 | 160829s9999 xx 000 0 cat d | ||
| 080 | |a C-1-482, C-1-483, RF-5-33 | ||
| 245 | |a Càlcul i construcció de dinamos | ||
| 260 | |a Barcelona . Mancomunitat de Catalunya, Extensió d'Ensenyament Tècnic, [s.a.] | ||
| 300 | |a 3 v. : |b il. ; |c 23 cm | ||
| 490 | |a Textos núms. 41, 42 i 43 | ||
| 650 | |a Dinamos |9 27638 | ||
| 700 | |a Catalunya. Extensió d'Ensenyament Tècnic |9 20004 | ||
| 710 | 2 | |a Catalunya. |b Mancomunitat |9 53015 | |
| 856 | 4 | |u https://media.diba.cat/diba/fitxers/arxiu/fulletons/bib_7720_baixa.pdf |y Accés lliure | |
| 856 | 4 | |u https://media.diba.cat/diba/fitxers/arxiu/fulletons/bib_7720_baixa.pdf |y Accés lliure | |
| 901 | |a Arxiu | ||
| 942 | |n 1 |2 udc | ||
| 952 | |0 0 |1 0 |4 0 |6 C1482_C1483_RF533 |7 1 |9 44492 |a Arxiu |b Arxiu |d 2016-12-01 |l 0 |o C-1-482, C-1-483, RF-5-33 |p 7718, 7719, 7720 |r 2016-12-01 00:00:00 |w 2016-12-01 |y ARXIU | ||
| 999 | |c 47073 |d 47073 | ||
| 900 | |a bib_7720_baixa.pdf | ||